| 000 | 00358nam a22001457a 4500 | ||
|---|---|---|---|
| 003 | MACL | ||
| 005 | 20180807160244.0 | ||
| 008 | 180807b xxu||||| |||| 00| 0 eng d | ||
| 040 | _cmacl | ||
| 100 |
_aSaraf, Mukesh _972838 |
||
| 245 | _aAndaman & Nicobar Island | ||
| 260 |
_aNew Delhi _bnoni Books _c2015 |
||
| 651 |
_aGeography _913672 |
||
| 942 |
_2ddc _cBK |
||
| 999 |
_c58283 _d58283 |
||